00636 a2200169 4500010001400000020002300014035001300037037001800050082001100068245011900079250001100198260005700209270010000266300002900366500005000395700002100445 aENG-85440 c100.00a8185378096 aEN-68973 bD.B.Act / Pub00a181.411 aA practical guide to know yourselfccompiled and edited by A. R. Natarajanbconversations with Sri Ramana Maharshi a9th ed aBangalorebRamana Maharshi Centre for Learningc2005 aPost office Road, Sanjay NagarbBangaloree560094cKarnatakak23512639mglobalvisionpub@eth.net axvi,261 p.c22 cm. (Pbk) aIncludes bibliographical references and index aNatarajan, A. R.